Neoliberalismo en América Latina /

Furkejuvvon:
Bibliográfalaš dieđut
Váldodahkki: Gallardo, Helio
Materiálatiipa: Texto
Fáttát:
Fáddágilkorat: Lasit fáddágilkoriid
Eai fáddágilkorat, Lasit vuosttaš fáddágilkora!

MARC

LEADER 00000 a a2200000 04500
001 142
003
040
100 |a Gallardo, Helio  
245 |a Neoliberalismo en América Latina /  |c Helio Gallardo 
650 |a NEOLIBERALISMO  
650 |a LIBERALIZACION DEL INTERCAMBIO  
650 |a ESTADO  
650 |a DEMOCRATIZACION  
650 |a TRABAJO SOCIAL  
650 |a POBREZA  
650 |a PRIVATIZACION  
773 |g número 36 -37; páginas 18-24  
999 |c 39154  |d 39154 
773 0 |0 18808  |9 3132  |a Asociación Latinoamericana de Escuelas de Trabajo Social  |d Lima, Perú  |o 02711  |t REVISTA ACCIÓN CRÍTICA